[Event "FRA-ch U18"]
[Site "Calvi"]
[Date "2005.04.22"]
[Round "7"]
[White "Bailet, Pierre"]
[Black "Camel, Lorenzo"]
[Result "0-1"]
[WhiteElo "2090"]
[BlackElo "1999"]
[PlyCount "54"]
[EventDate "2005.04.??"]
[EventType "swiss"]
[EventRounds "9"]
[EventCountry "FRA"]
[SourceTitle "EXT 2006"]
[Source "ChessBase"]
[SourceDate "2005.11.24"]
[SourceVersion "1"]
[SourceVersionDate "2005.11.24"]
[SourceQuality "1"]

1. d4 Nf6 2. c4 g6 3. Nc3 Bg7 4. e4 d6 5. f3 0-0 6. Be3 e5 7. d5 Ne8 8. g4 Bh6 9. Bf2 f5 10. gxf5 gxf5 11. Bh3 Ng7 12. Nge2 fxe4 13. Bxc8 Qxc8 14. fxe4 Qh3 15. Ng3 Nd7 16. Qe2 Nf6 17. Qf1 Qd7 18. h3 Nfh5 19. Nxh5 Nxh5 20. Qg1+ Kh8 21. Be3 Rg8 22. Qf2 Raf8 23. Qd2 Nf4 24. 0-0-0 Rg2 25. Qe1 Ne2+ 26. Qxe2 Rxe2 27. Bxh6 Ref2 0-1